00557 2200217 4500001002100000005001500021035002000036007000300056008004100059100001800100245008600118250001000204300002600214020002200240082000800262084001500270260001500285990001300300990001300313990001300326INLIS00000000000836320251216125319 a0010-0322000382ta251216 g 0 ind 0 aAep Saefulloh1 aKUMPULAN FAKTA SAINS UNIK DUNIA :bLengkap dengan percobaan seru /cAep Saefulloh acet.2 a260 hlm ;c17 x 24 cm a978-602-17288-7-1 a502 a502 AEP k aYogyakarta a022.7716 a022.7717 a022.7718